00929nam a2200289Ia 450000500170000000800410001702000180005804000350007604100130011110000390012424500330016325000220019626400340021830000530025233600270030533700330033233800280036549000240039353400100041765000480042765000460047565000270052165000230054865000270057165000300059808400110062820220317002003.0200115s2019 ck 000 0 spa d a9788484643685 aCO-BoRNBPbspaerdacCO-BoRNBP1 aspaheng1 aPopov, Nikolai, d1931-2008eautor11a¿Por qué? cNikolai Popov aPrimera edición 1aPontevedra bKalandrakac2019 a[39] páginas bilustraciones en color c 23 cm 2rdacontentatextobtxt 2rdamediaasin mediaciónbn 2rdacarrieravolumenbnc0 aLibros para soñar t Why?17aÁlbumes infantiles rusos 2LEMBySiglo XX17aLiteratura infantil rusa 2LEMBySiglo XX17aGuerra 2LEMBvÁlbum17aPaz2LEMBvÁlbum17aRatones2LEMBvÁlbum17aViolencia 2LEMBvÁlbum aA POP7